NBA Top Scorers Out Of The Bench - Statistics

General Stats
  • This quiz has been taken 129 times
    11 since last reset
  • The average score is 8 of 42
Answer Stats
Player % Correct
Jamal Crawford
45%
Jordan Crawford
45%
J.R. Smith
45%
Lou Williams
45%
Nate Williams
45%
Walt Williams
45%
Ben Gordon
36%
James Harden
36%
Manu Ginóbili
36%
Payton Pritchard
36%
Bogdan Bogdanović
27%
Cam Thomas
27%
Cliff Robinson
27%
David Thompson
27%
Fred Brown
27%
Jordan Clarkson
27%
Larry Bird
27%
Malachi Flynn
27%
Nate Robinson
27%
Nick Young
27%
Kevin Martin
18%
Malik Monk
18%
Mike Miller
18%
Ricky Pierce
18%
Allen Iverson
9%
Cazzie Russell
9%
Kiki Vandeweghe
9%
Mike McGee
9%
Nick Anderson
9%
Pete Maravich
9%
P.J. Washington
9%
Thurl Bailey
9%
Todd Day
9%
Al Harrington
0%
Austin Rivers
0%
Brian Winters
0%
Brice Sensabaugh
0%
Darius Miles
0%
John Drew
0%
Mike Dunleavy
0%
Rodrigue Beaubois
0%
Sleepy Floyd
0%
No matching quizzes found
Score Distribution
Percent of People with Each Score
Percentile by Number Answered
Your Score History
You have not taken this quiz since the last reset